عرض عادي
عرض مارك
- Kloza, Dariusz
دخول Personal Name
001 - CONTROL NUMBER
- control field: 25286
003 - CONTROL NUMBER IDENTIFIER
- control field: AE-AdECS
005 - DATE AND TIME OF LATEST TRANSACTION
- control field: 20260120103643.0
008 - FIXED-LENGTH DATA ELEMENTS
- fixed length control field: 260120|| aca||aabn | a|a d
040 ## - CATALOGING SOURCE
- Original cataloging agency: AE-AdECS
- Transcribing agency: AE-AdECS
100 ## - HEADING--PERSONAL NAME
- Personal name: Kloza, Dariusz
670 ## - SOURCE DATA FOUND
- Source citation: Work cat.: (AE-AdECS)293787: The Right Not to Use the Internet :
